[Event "106th British-ch Major 2019"]
[Site "Torquay"]
[Date "2019.07.28"]
[Round "2.6"]
[White "Modi, Kishan Jagdish"]
[Black "Unnikrishnan, Midhun P"]
[Result "*"]
[WhiteElo "1923"]
[BlackElo "2142"]
[Annotator "NA"]
[PlyCount "41"]
[EventDate "2019.07.27"]
[EventType "swiss"]
[EventCountry "GBR"]
[SourceTitle "playchess.com"]
[Source "ChessBase"]
[SourceQuality "1"]
[TimeControl "40/5400+30:1800+30"]

1. e4 {[%emt 0:00:00]} e5 {[%emt 0:00:00]} 2. Nf3 {[%emt 0:00:00]} Nc6 {[%emt 0:00:00]} 3. d4 {[%emt 0:00:00]} exd4 {[%emt 0:00:00]} 4. Bc4 {[%emt 0:00:00]} Nf6 {[%emt 0:00:07]} 5. e5 {[%emt 0:00:04]} d5 {[%emt 0:00:23]} 6. Bb5 {[%emt 0:00:05]} Ne4 {[%emt 0:00:06]} 7. Nxd4 {[%emt 0:00:06]} Bd7 {[%emt 0:00:16]} 8. Bxc6 {[%emt 0:00:05]} bxc6 {[%emt 0:00:06]} 9. O-O {[%emt 0:00:05]} Bc5 {[%emt 0:00:57]} 10. f3 {[%emt 0:00:06]} Ng5 {[%emt 0:00:07]} 11. f4 {[%emt 0:00:04]} Ne4 {[%emt 0:00:07]} 12. Be3 {[%emt 0:00:04]} Bb6 {[%emt 0:00:17]} 13. c3 {[%emt 0:00:48]} c5 {[%emt 0:10:05]} 14. Nc2 {[%emt 0:00:35]} Bf5 {[%emt 0:03:16]} 15. Nd2 {[%emt 0:08:33]} Nxd2 {[%emt 0:12:25]} 16. Qxd2 {[%emt 0:00:28]} O-O {[%emt 0:02:19]} 17. Rfd1 {[%emt 0:28:46]} f6 {[%emt 0:17:28]} 18. Ne1 {[%emt 0:02:36]} fxe5 {[%emt 0:06:59]} 19. Qxd5+ {[%emt 0:00:38]} Qxd5 {[%emt 0:00:05]} 20. Rxd5 {[%emt 0:00:07]} exf4 {[%emt 0:00:29]} 21. Bf2 {[%emt 0:00:40]} *

[Event "106th British-ch Major 2019"]
[Site "Torquay"]
[Date "2019.07.28"]
[Round "2.6"]
[White "Modi, Kishan J"]
[Black "Unnikrishnan, Midhun P"]
[Result "1-0"]
[WhiteElo "1923"]
[BlackElo "2142"]
[Annotator "TA"]
[PlyCount "103"]
[EventDate "2019.07.27"]
[EventType "swiss"]
[EventCountry "GBR"]
[SourceTitle "playchess.com"]
[Source "ChessBase"]
[SourceQuality "1"]

{[%evp 22,103,-4,-11,16,-14,0,-62,-76,-89,-19,-12,-3,-64,0,-92,-98,-115,-121,-97,-104,-105,-105,-128,-104,-104,-56,-87,-66,-106,-105,-122,-112,-172,-172,-166,-144,-144,-140,-140,-135,-176,-109,-142,-149,-431,-426,-428,-408,-537,-537,-539,-410,-368,-147,-152,-146,-136,-145,-276,-205,-204,-158,-272,-101,-383,-387,-501,-493,-650,-662,-645,-637,-597,0,0,0,0,0,0,0,0,443,435]} 1. e4 e5 2. Nf3 Nc6 3. d4 exd4 4. Bc4 Nf6 5. e5 d5 6. Bb5 Ne4 7. Nxd4 Bd7 8. Bxc6 bxc6 9. O-O Bc5 10. f3 Ng5 11. f4 Ne4 12. Be3 Bb6 {C56: Two Knights: 4 d4 exd4 5 0-0 Nxe4} (12... Qb8 $5 {[%cal Rb8b2]} 13. Qc1 Bxd4 14. Bxd4 c5 $11) 13. c3 (13. Nd2 Nxd2 14. Qxd2 c5 15. Nf3 d4 16. Bf2 Bc6 17. a4 a5 18. f5 Qd5 19. Qg5 h6 20. Qxg7 O-O-O 21. Qf6 Rhg8 22. Bg3 c4 23. Kh1 {0-1 (38) Jones,G (2661)-L'Ami,E (2618) Wolvega 2014}) 13... c5 14. Nc2 ({White should try} 14. Nb3 $11) 14... Bf5 $15 {Black is slightly better.} 15. Nd2 Nxd2 (15... O-O $17 {Black wants to play ...d4.} 16. Re1 Qd7) 16. Qxd2 $11 O-O 17. Rfd1 $146 (17. b4 $11) ({Predecessor:} 17. Rad1 Rb8 18. Ne1 c4 19. Rf2 c6 {1-0 (45) Monteny,P (1467)-Lu,T (1493) Assen 2017}) 17... f6 (17... c6 $15) 18. Ne1 (18. b4 $1 $11 Bxc2 19. Qxc2 cxb4 20. Bxb6 axb6 21. cxb4) 18... fxe5 $17 19. Qxd5+ Qxd5 20. Rxd5 exf4 21. Bf2 Rae8 22. Rd2 Re6 23. Nf3 c4 24. Nd4 Rd6 25. Re2 Bg4 26. Re7 Rg6 $36 {[%mdl 2048] White is under strong pressure.} 27. Rae1 (27. Kf1 $17 {was called for.}) 27... Bh3 $19 28. g3 fxg3 29. hxg3 Rgf6 30. Be3 Bc5 31. Re4 {[#]} Bd6 ({Better is} 31... Rf1+ $1 $19 32. Rxf1 Rxf1+ 33. Kh2 Bd7) 32. Kh2 Bd7 {White must now prevent ...c5.} 33. b4 $2 {[%mdl 8192]} (33. Bf4 $17) 33... cxb3 $1 34. axb3 c5 35. Ne2 Bc6 36. Rh4 Re6 37. Nf4 Bxf4 $2 (37... Re4 $19 {is more deadly.} 38. Bf2 Rxe1 39. Bxe1 a5) 38. gxf4 $17 Rfe8 39. Rh3 a5 40. Rg3 (40. c4 $17 {was worth a try.}) 40... Kf7 41. Kg1 Rb8 42. Ra1 (42. Rg5 $17) 42... c4 $2 (42... Rxb3 $19 {and Black stays clearly on top.} 43. Bxc5 Rh6) 43. Bd4 $2 {[%mdl 8192]} (43. b4 $17 {might work better.}) 43... cxb3 $19 44. Rxg7+ Kf8 {Strongly threatening ...b2.} 45. f5 b2 46. Rb1 Rh6 47. f6 {White threatens Bc5+ and mate.} Bd5 $2 ({Black should play} 47... Rh1+ $19 48. Kf2 Rb5 49. Rxb2 Rxb2+ 50. Ke3 Rb7 51. Bc5+ Ke8 52. Rg8+ Kf7 {[%mdl 64] Double Attack}) 48. Bc5+ $11 Ke8 49. Re7+ Kd8 {...Rh1+ is the strong threat.} 50. f7 {[%cal Rf7f8]} Rg6+ 51. Kh2 {[%cal Rf7f8] [#]} Rf6 $2 {[%mdl 8192]} (51... Bxf7 $1 $11 {[%mdl 512]} 52. Rxf7 Rb5) 52. Re8+ {Accuracy: White = 29%, Black = 44%.} 1-0

[Event "106th British-ch Major 2019"]
[Site "Torquay"]
[Date "2019.07.28"]
[Round "2.7"]
[White "Eames, Robert S"]
[Black "Rogacewicz, Mikolaj"]
[Result "1/2-1/2"]
[WhiteElo "2136"]
[BlackElo "1925"]
[Annotator "TA"]
[PlyCount "118"]
[EventDate "2019.07.27"]
[EventType "swiss"]
[EventCountry "GBR"]
[SourceTitle "playchess.com"]
[Source "ChessBase"]
[SourceQuality "1"]

{[%evp 15,118,50,64,56,75,72,80,74,110,112,112,105,111,101,105,70,51,40,48,8,16,0,0,0,0,0,0,0,0,0,29,20,27,39,50,41,27,0,77,-50,0,4,27,32,37,31,32,-26,0,-56,-61,-41,-36,-62,-37,-207,-210,-213,-214,-183,-175,-211,-207,-175,-100,-98,-99,-91,-95,-95,-87,-93,-8,-9,-8,-8,-8,-8,-8,-8,-8,-8,-8,-8,-8,-8,-8,-8,-8,-8,-8,-8,-8,-8,-8,-8,-8,-8,-8,-8,-8,-8,-8,-8,-8]} 1. d4 e6 2. c4 Nf6 3. Nc3 Bb4 4. f3 O-O 5. a3 Bxc3+ 6. bxc3 d6 7. e4 Nbd7 8. Bd3 e5 9. Ne2 {E27: Nimzo-Indian: Sämisch: 5...0-0 6 f3} Qe7 (9... Re8 10. g4 c6 11. Ng3 Qa5 12. Bd2 h6 13. Nf5 Qc7 14. Bxh6 gxh6 15. Qd2 Re6 16. d5 Nc5 17. dxe6 fxe6 {1-0 (53) Kisic,B (2210)-Bura,G (2210) Grohote 2018}) 10. O-O Re8 $146 ({Predecessor:} 10... b6 11. Ng3 Bb7 12. Bg5 Rfe8 13. Nf5 Qf8 14. Qd2 Kh8 15. Rae1 Ng8 16. f4 f6 17. fxe5 dxe5 {½-½ (56) Acha,J-Garzon,E Buenos Aires 1992}) 11. Ng3 {White is better.} Nb6 12. a4 a5 13. c5 dxc5 14. Ba3 Nbd7 15. Nf5 Qf8 16. Qd2 b6 17. Bb5 Ba6 18. dxc5 Nxc5 19. Bxe8 Bxf1 20. Bc6 Rd8 21. Qg5 $36 {[%mdl 2048] White fights for an advantage.} Bc4 22. Ne3 Be6 23. Qxe5 Qd6 24. Qxd6 Rxd6 25. Bb5 Nfd7 26. f4 f6 {[#]} (26... g6 $11) 27. Nf5 (27. Nd5 $1 $16 {[%mdl 512]}) 27... Bxf5 ({Black should try} 27... Rd2 $1 $15) 28. exf5 $11 Rd2 29. Re1 Kf7 30. Bc4+ Kf8 31. Be6 (31. g4 $14) 31... Rd3 32. Rc1 ({White should play} 32. Bxd7 $11 Rxd7 33. Bxc5+ bxc5 34. Kf2) 32... Ke8 33. Bc4 $1 {aiming for Re1+.} Re3 34. Bb5 Kd8 35. Kf2 $2 {[#]} ({Better is} 35. g3 $15) 35... Rxc3 $1 $19 {[%mdl 576] Decoy} 36. Rxc3 Ne4+ {[%mdl 64] Double Attack} 37. Ke3 Nxc3 {[%mdl 4096] Endgame KBB-KNN} 38. Bc6 Nb8 39. Bf3 c5 (39... Nxa4 $19 40. Bf8 g6 41. fxg6 hxg6) 40. Kd3 $17 Nxa4 41. Bd1 b5 42. Bxa4 bxa4 43. Bxc5 {KB-KN} Kc7 (43... h5 $17) 44. Bf8 {The position is equal.} g6 45. fxg6 hxg6 46. g4 Kd7 47. Kc4 Ke6 48. Kb5 Nd7 49. Ba3 Kd5 50. h4 Ke4 51. h5 gxh5 52. gxh5 {Threatens to win with h6.} f5 53. h6 Nf6 54. Kxa4 Kxf4 55. Bc1+ Kg4 56. Kxa5 Kh5 57. Kb5 Kg6 58. Kc4 Ng4 59. Kd3 Nxh6 {Accuracy: White = 61%, Black = 62%.} 1/2-1/2

[Event "106th British-ch Major 2019"]
[Site "Torquay"]
[Date "2019.07.28"]
[Round "2.8"]
[White "Metcalfe, Charlie P"]
[Black "Pollack, Oscar"]
[Result "0-1"]
[WhiteElo "1739"]
[BlackElo "2088"]
[Annotator "NA"]
[PlyCount "120"]
[EventDate "2019.07.27"]
[EventType "swiss"]
[EventCountry "GBR"]
[SourceTitle "playchess.com"]
[Source "ChessBase"]
[SourceQuality "1"]
[TimeControl "40/5400+30:1800+30"]

1. d4 {[%emt 0:00:00]} Nf6 {[%emt 0:00:00]} 2. Nf3 {[%emt 0:00:00]} c5 {[%emt 0:00:00]} 3. d5 {[%emt 0:00:00]} b5 {[%emt 0:00:00]} 4. c4 {[%emt 0:00:00]} Bb7 {[%emt 0:00:22]} 5. a4 {[%emt 0:00:49]} Qa5+ {[%emt 0:04:06]} 6. Bd2 {[%emt 0:20:36]} b4 {[%emt 0:00:09]} 7. Qc2 {[%emt 0:01:27]} d6 {[%emt 0:04:38]} 8. b3 {[%emt 0:09:07]} Nbd7 {[%emt 0:03:37]} 9. e4 {[%emt 0:01:48]} g6 {[%emt 0:00:43]} 10. Bc1 {[%emt 0:00:09]} Bg7 {[%emt 0:00:41]} 11. Bb2 {[%emt 0:00:06]} Qc7 {[%emt 0:01:34]} 12. Bd3 {[%emt 0:03:35]} a5 {[%emt 0:01:37]} 13. Nbd2 {[%emt 0:03:03]} O-O-O {[%emt 0:02:54]} 14. O-O-O {[%emt 0:00:19]} e5 {[%emt 0:07:08]} 15. g3 {[%emt 0:01:27]} Ng4 {[%emt 0:05:23]} 16. Rhf1 {[%emt 0:00:41]} Rdf8 {[%emt 0:02:23]} 17. h3 {[%emt 0:00:37]} Nh6 {[%emt 0:00:03]} 18. Nh4 {[%emt 0:01:36]} Kb8 {[%emt 0:04:57]} 19. Rde1 {[%emt 0:09:47]} Bc8 {[%emt 0:02:17]} 20. f4 {[%emt 0:03:16]} Qd8 {[%emt 0:07:13]} 21. Nhf3 {[%emt 0:04:21]} f6 {[%emt 0:02:44]} 22. Kb1 {[%emt 0:06:36]} Rhg8 {[%emt 0:03:29]} 23. Nh4 {[%emt 0:02:17]} exf4 {[%emt 0:05:42]} 24. gxf4 {[%emt 0:00:22]} f5 {[%emt 0:03:00]} 25. Ng2 {[%emt 0:03:07]} Bxb2 {[%emt 0:00:44]} 26. Qxb2 {[%emt 0:00:43]} fxe4 {[%emt 0:03:07]} 27. Nxe4 {[%emt 0:00:21]} Nf6 {[%emt 0:07:52]} 28. Ng5 {[%emt 0:00:39]} Nf5 {[%emt 0:03:01]} 29. Ne3 {[%emt 0:01:02]} Nd4 {[%emt 0:05:25]} 30. Nc2 {[%emt 0:01:19]} Nxc2 {[%emt 0:02:09]} 31. Bxc2 {[%emt 0:00:31]} Nh5 {[%emt 0:00:53]} 32. Qc1 {[%emt 0:02:43]} Nxf4 {[%emt 0:02:05]} 33. Nxh7 {[%emt 0:00:02]} Rf7 {[%emt 0:00:17]} 34. Rxf4 {[%emt 0:00:59]} Rxh7 {[%emt 0:00:06]} 35. Rf3 {[%emt 0:04:48]} Rxh3 {[%emt 0:02:27]} 36. Rxh3 {[%emt 0:00:02]} Bxh3 {[%emt 0:00:08]} 37. Qh6 {[%emt 0:02:02]} Bf5 {[%emt 0:03:00]} 38. Bxf5 {[%emt 0:00:01]} gxf5 {[%emt 0:00:07]} 39. Re6 {[%emt 0:00:43]} Rg1+ {[%emt 0:00:35]} 40. Kb2 {[%emt 0:00:20]} Qg8 {[%emt 0:00:51]} 41. Re2 {[%emt 0:37:01]} Rg6 {[%emt 0:34:32]} 42. Qh4 {[%emt 0:03:13]} Rg2 {[%emt 0:01:58]} 43. Rxg2 {[%emt 0:04:09]} Qxg2+ {[%emt 0:00:01]} 44. Kb1 {[%emt 0:00:28]} Qf1+ {[%emt 0:00:17]} 45. Kb2 {[%emt 0:00:36]} Qe2+ {[%emt 0:00:11]} 46. Kb1 {[%emt 0:00:37]} Qd3+ {[%emt 0:00:29]} 47. Ka2 {[%emt 0:00:16]} Qc2+ {[%emt 0:00:07]} 48. Ka1 {[%emt 0:00:04]} Qc1+ {[%emt 0:00:17]} 49. Ka2 {[%emt 0:00:04]} Qa3+ {[%emt 0:00:04]} 50. Kb1 {[%emt 0:00:12]} Qxb3+ {[%emt 0:00:06]} 51. Kc1 {[%emt 0:00:08]} Qe3+ {[%emt 0:00:14]} 52. Kb2 {[%emt 0:00:56]} Qd4+ {[%emt 0:00:15]} 53. Qxd4 {[%emt 0:00:40]} cxd4 {[%emt 0:00:01]} 54. c5 {[%emt 0:00:19]} dxc5 {[%emt 0:00:08]} 55. d6 {[%emt 0:00:01]} Kc8 {[%emt 0:00:08]} 56. d7+ {[%emt 0:00:01]} Kxd7 {[%emt 0:00:07]} 57. Kc2 {[%emt 0:00:30]} c4 {[%emt 0:00:09]} 58. Kd2 {[%emt 0:00:16]} b3 {[%emt 0:00:05]} 59. Kc1 {[%emt 0:00:03]} c3 {[%emt 0:00:08]} 60. Kb1 {[%emt 0:00:32]} f4 {[%emt 0:00:07]} 0-1

[Event "106th British-ch Major 2019"]
[Site "Torquay"]
[Date "2019.07.28"]
[Round "2.9"]
[White "Renshaw, Lucas"]
[Black "Sugden, John N"]
[Result "0-1"]
[WhiteElo "1596"]
[BlackElo "2068"]
[Annotator "NA RC"]
[PlyCount "90"]
[EventDate "2019.07.27"]
[EventType "swiss"]
[EventCountry "GBR"]
[SourceTitle "playchess.com"]
[Source "ChessBase"]
[SourceQuality "1"]
[TimeControl "40/5400+30:1800+30"]

1. e4 {[%emt 0:00:00]} c6 {[%emt 0:00:00]} 2. d4 {[%emt 0:00:00]} d5 {[%emt 0:00:07]} 3. f3 {[%emt 0:00:20]} e6 {[%emt 0:00:28]} 4. Nc3 {[%emt 0:00:03]} Nf6 {[%emt 0:00:51]} 5. e5 {[%emt 0:00:10]} Nfd7 {[%emt 0:00:23]} 6. f4 {[%emt 0:00:23]} c5 {[%emt 0:00:25]} 7. Nf3 {[%emt 0:02:24]} Nc6 {[%emt 0:00:20]} 8. Be3 {[%emt 0:00:33]} cxd4 {[%emt 0:10:10]} 9. Nxd4 {[%emt 0:01:24]} Bc5 {[%emt 0:00:47]} 10. Qd2 {[%emt 0:15:17]} a6 {[%emt 0:14:40]} 11. Be2 {[%emt 0:08:20]} Nxd4 {[%emt 0:03:14]} 12. Bxd4 {[%emt 0:00:11]} Bxd4 {[%emt 0:01:35]} 13. Qxd4 {[%emt 0:00:05]} Qb6 {[%emt 0:00:32]} 14. Qxb6 {[%emt 0:08:11]} Nxb6 {[%emt 0:00:09]} 15. a4 {[%emt 0:03:54]} Bd7 {[%emt 0:04:07]} 16. a5 {[%emt 0:08:41]} Nc8 {[%emt 0:00:13]} 17. Bd3 {[%emt 0:02:53]} Ne7 {[%emt 0:02:55]} 18. Kf2 {[%emt 0:08:49]} Rc8 {[%emt 0:05:15]} 19. Ne2 {[%emt 0:03:56]} O-O {[%emt 0:09:41]} 20. Ke3 {[%emt 0:03:55]} Nc6 {[%emt 0:02:56]} 21. Nd4 {[%emt 0:04:27]} f6 {[%emt 0:06:46]} 22. Nxc6 {[%emt 0:04:51]} Bxc6 {[%emt 0:00:11]} 23. Rhf1 {[%emt 0:01:10]} fxe5 {[%emt 0:09:07]} 24. fxe5 {[%emt 0:00:24]} d4+ {[%emt 0:01:37]} 25. Kxd4 {[%emt 0:01:00]} Rfd8+ {[%emt 0:01:15]} 26. Ke3 {[%emt 0:01:37]} Bxg2 {[%emt 0:00:13]} 27. Rf2 {[%emt 0:02:15]} Bd5 {[%emt 0:05:39]} 28. Rf4 {[%emt 0:04:57]} Rc5 {[%emt 0:08:27]} 29. b4 {[%emt 0:02:04]} Rc7 {[%emt 0:00:10]} 30. Raf1 {[%emt 0:00:38]} Re7 {[%emt 0:01:25]} 31. c4 {[%emt 0:05:08]} Bc6 {[%emt 0:00:11]} 32. R1f2 {[%emt 0:01:22]} Red7 {[%emt 0:01:14]} 33. Bf1 {[%emt 0:00:32]} Rd1 {[%emt 0:04:45]} 34. b5 {[%emt 0:02:21]} axb5 {[%emt 0:03:21]} 35. cxb5 {[%emt 0:00:06]} Re1+ {[%emt 0:02:04]} 36. Re2 {[%emt 0:01:49]} Rxf1 {[%emt 0:00:12]} 37. Rxf1 {[%emt 0:00:03]} Bxb5 {[%emt 0:00:12]} 38. Rb1 {[%emt 0:01:27]} Bxe2 {[%emt 0:00:09]} 39. Kxe2 {[%emt 0:00:03]} Rd5 {[%emt 0:00:59]} 40. Rxb7 {[%emt 0:00:24]} Rxe5+ {[%emt 0:00:20]} 41. Kf3 {[%emt 0:30:05]} Rxa5 {[%emt 0:30:13]} 42. Kf4 {[%emt 0:00:49]} Rf5+ {[%emt 0:02:26]} 43. Kg4 {[%emt 0:00:22]} h5+ {[%emt 0:00:00]} 44. Kg3 {[%emt 0:00:00]} Kh7 {[%emt 0:00:00]} 45. Kh4 {[%emt 0:00:00]} Kg6 {[%emt 0:00:00]} 0-1

[Event "106th British-ch Major 2019"]
[Site "Torquay"]
[Date "2019.07.28"]
[Round "2.10"]
[White "Taylor, William J"]
[Black "Cocks, Elliot"]
[Result "1/2-1/2"]
[WhiteElo "2062"]
[BlackElo "1907"]
[Annotator "NA RC"]
[PlyCount "99"]
[EventDate "2019.07.27"]
[EventType "swiss"]
[EventCountry "GBR"]
[SourceTitle "playchess.com"]
[Source "ChessBase"]
[SourceQuality "1"]
[TimeControl "40/5400+30:1800+30"]

1. e4 {[%emt 0:00:00]} c5 {[%emt 0:00:00]} 2. Nf3 {[%emt 0:00:00]} Nc6 {[%emt 0:00:00]} 3. d4 {[%emt 0:00:00]} cxd4 {[%emt 0:00:03]} 4. Nxd4 {[%emt 0:00:00]} e5 {[%emt 0:00:08]} 5. Nb5 {[%emt 0:00:27]} d6 {[%emt 0:00:23]} 6. c4 {[%emt 0:00:36]} Be7 {[%emt 0:00:12]} 7. N5c3 {[%emt 0:01:55]} f5 {[%emt 0:09:26]} 8. Bd3 {[%emt 0:29:33]} f4 {[%emt 0:03:21]} 9. Nd5 {[%emt 0:00:57]} Nf6 {[%emt 0:08:16]} 10. Nxe7 {[%emt 0:03:32]} Qxe7 {[%emt 0:00:29]} 11. Nc3 {[%emt 0:00:13]} O-O {[%emt 0:01:21]} 12. f3 {[%emt 0:04:30]} Nd4 {[%emt 0:10:28]} 13. Ne2 {[%emt 0:19:35]} Ne6 {[%emt 0:04:46]} 14. Bd2 {[%emt 0:03:08]} Bd7 {[%emt 0:06:50]} 15. Bb4 {[%emt 0:01:53]} a5 {[%emt 0:04:52]} 16. Ba3 {[%emt 0:01:03]} Rac8 {[%emt 0:02:07]} 17. Qd2 {[%emt 0:01:07]} Nc5 {[%emt 0:01:35]} 18. Nc3 {[%emt 0:07:14]} Be6 {[%emt 0:07:54]} 19. Be2 {[%emt 0:00:23]} b6 {[%emt 0:06:58]} 20. O-O-O {[%emt 0:02:27]} Rfd8 {[%emt 0:00:23]} 21. Kb1 {[%emt 0:00:37]} Qf7 {[%emt 0:01:48]} 22. Nd5 {[%emt 0:03:54]} Nxd5 {[%emt 0:02:08]} 23. cxd5 {[%emt 0:00:14]} Bd7 {[%emt 0:00:20]} 24. Rc1 {[%emt 0:08:00]} a4 {[%emt 0:14:24]} 25. Rc2 {[%emt 0:02:05]} Qe7 {[%emt 0:01:58]} 26. Qb4 {[%emt 0:01:56]} Rb8 {[%emt 0:00:32]} 27. Bb5 {[%emt 0:00:39]} Qe8 {[%emt 0:01:54]} 28. Bxd7 {[%emt 0:00:52]} Qxd7 {[%emt 0:00:07]} 29. Qd2 {[%emt 0:00:43]} Rf8 {[%emt 0:01:26]} 30. Rhc1 {[%emt 0:02:49]} Rb7 {[%emt 0:01:44]} 31. Rc4 {[%emt 0:00:51]} Rfb8 {[%emt 0:01:48]} 32. R4c2 {[%emt 0:01:10]} Ra8 {[%emt 0:02:09]} 33. Qe2 {[%emt 0:00:57]} Kf7 {[%emt 0:01:04]} 34. Rd1 {[%emt 0:00:48]} g5 {[%emt 0:03:41]} 35. g3 {[%emt 0:00:04]} Rg8 {[%emt 0:00:21]} 36. Qf2 {[%emt 0:02:06]} Qe7 {[%emt 0:00:40]} 37. Qg2 {[%emt 0:01:10]} Qd7 {[%emt 0:00:34]} 38. g4 {[%emt 0:00:24]} Rg6 {[%emt 0:01:27]} 39. Qh3 {[%emt 0:00:47]} Kg7 {[%emt 0:00:16]} 40. Rh1 {[%emt 0:00:38]} Rh6 {[%emt 0:01:34]} 41. Qg2 {[%emt 0:02:24]} Qb5 {[%emt 0:07:53]} 42. h4 {[%emt 0:06:05]} Rxh4 {[%emt 0:05:14]} 43. Rxh4 {[%emt 0:00:07]} gxh4 {[%emt 0:00:04]} 44. Qh3 {[%emt 0:07:24]} Qd3 {[%emt 0:09:02]} 45. Qxh4 {[%emt 0:00:11]} Nb3 {[%emt 0:00:06]} 46. Qg5+ {[%emt 0:01:16]} Kh8 {[%emt 0:00:08]} 47. Qf6+ {[%emt 0:04:52]} Rg7 {[%emt 0:00:13]} 48. Qf8+ {[%emt 0:00:46]} Rg8 {[%emt 0:00:11]} 49. Qf6+ {[%emt 0:01:04]} Rg7 {[%emt 0:00:06]} 50. Qf8+ {[%emt 0:00:05]} 1/2-1/2

[Event "106th British-ch Major 2019"]
[Site "Torquay"]
[Date "2019.07.28"]
[Round "2.11"]
[White "Liu, Jack"]
[Black "Hagesaether, Arne"]
[Result "0-1"]
[WhiteElo "1259"]
[BlackElo "2046"]
[Annotator "NA RC"]
[PlyCount "128"]
[EventDate "2019.07.27"]
[EventType "swiss"]
[EventCountry "GBR"]
[SourceTitle "playchess.com"]
[Source "ChessBase"]
[SourceQuality "1"]
[TimeControl "40/5400+30:1800+30"]

1. e4 {[%emt 0:00:00]} c6 {[%emt 0:02:11]} 2. d4 {[%emt 0:00:10]} d5 {[%emt 0:00:23]} 3. e5 {[%emt 0:00:35]} Bf5 {[%emt 0:01:04]} 4. Nd2 {[%emt 0:00:57]} e6 {[%emt 0:01:06]} 5. Nb3 {[%emt 0:00:14]} Nd7 {[%emt 0:01:25]} 6. Nf3 {[%emt 0:01:22]} h6 {[%emt 0:01:11]} 7. Be2 {[%emt 0:00:26]} Ne7 {[%emt 0:01:01]} 8. O-O {[%emt 0:00:18]} Nc8 {[%emt 0:00:40]} 9. c3 {[%emt 0:07:58]} Be7 {[%emt 0:00:33]} 10. Bf4 {[%emt 0:01:37]} a6 {[%emt 0:02:18]} 11. a4 {[%emt 0:04:34]} Na7 {[%emt 0:04:50]} 12. Re1 {[%emt 0:03:06]} Rc8 {[%emt 0:02:55]} 13. h3 {[%emt 0:05:47]} c5 {[%emt 0:05:13]} 14. dxc5 {[%emt 0:07:36]} Nxc5 {[%emt 0:05:48]} 15. Nxc5 {[%emt 0:03:09]} Bxc5 {[%emt 0:00:44]} 16. Nd4 {[%emt 0:09:41]} Be4 {[%emt 0:08:59]} 17. Bf3 {[%emt 0:04:22]} Bxf3 {[%emt 0:03:50]} 18. Nxf3 {[%emt 0:01:55]} O-O {[%emt 0:02:38]} 19. Qd2 {[%emt 0:02:42]} Re8 {[%emt 0:11:00]} 20. Nh2 {[%emt 0:15:21]} h5 {[%emt 0:07:08]} 21. Bg5 {[%emt 0:07:40]} Be7 {[%emt 0:01:12]} 22. Bxe7 {[%emt 0:00:03]} Qxe7 {[%emt 0:00:32]} 23. Qe2 {[%emt 0:01:20]} Qg5 {[%emt 0:06:32]} 24. Nf3 {[%emt 0:00:46]} Qh6 {[%emt 0:00:37]} 25. Qe3 {[%emt 0:01:11]} Qxe3 {[%emt 0:04:24]} 26. Rxe3 {[%emt 0:00:02]} Rc7 {[%emt 0:04:30]} 27. Nd2 {[%emt 0:07:45]} Nc6 {[%emt 0:02:53]} 28. Kf1 {[%emt 0:01:49]} f6 {[%emt 0:01:59]} 29. exf6 {[%emt 0:00:28]} gxf6 {[%emt 0:00:09]} 30. Rae1 {[%emt 0:01:20]} Kf7 {[%emt 0:01:08]} 31. f4 {[%emt 0:01:39]} b5 {[%emt 0:03:57]} 32. axb5 {[%emt 0:00:35]} axb5 {[%emt 0:00:06]} 33. Nb3 {[%emt 0:01:23]} b4 {[%emt 0:03:50]} 34. g3 {[%emt 0:04:58]} Rce7 {[%emt 0:01:17]} 35. Nd4 {[%emt 0:00:42]} Nxd4 {[%emt 0:02:18]} 36. cxd4 {[%emt 0:00:03]} Rc7 {[%emt 0:03:30]} 37. f5 {[%emt 0:00:48]} Rc4 {[%emt 0:01:15]} 38. fxe6+ {[%emt 0:00:28]} Ke7 {[%emt 0:00:06]} 39. Rd1 {[%emt 0:01:17]} Rec8 {[%emt 0:00:14]} 40. Red3 {[%emt 0:00:54]} Kxe6 {[%emt 0:01:06]} 41. Kf2 {[%emt 0:30:30]} Kd6 {[%emt 0:32:34]} 42. Kf3 {[%emt 0:00:48]} Re8 {[%emt 0:00:47]} 43. Kf4 {[%emt 0:01:14]} Rc2 {[%emt 0:00:00]} 44. R1d2 {[%emt 0:00:00]} Re2 {[%emt 0:00:00]} 45. Rxe2 {[%emt 0:00:00]} Rxe2 {[%emt 0:00:00]} 46. Rb3 {[%emt 0:00:00]} Re4+ {[%emt 0:00:00]} 47. Kf5 {[%emt 0:00:00]} Rxd4 {[%emt 0:00:00]} 48. Kxf6 {[%emt 0:00:00]} Kc5 {[%emt 0:00:00]} 49. Kg5 {[%emt 0:00:00]} Kc4 {[%emt 0:00:00]} 50. Rf3 {[%emt 0:00:00]} Rd3 {[%emt 0:00:00]} 51. Rf4+ {[%emt 0:00:00]} d4 {[%emt 0:00:00]} 52. Kxh5 {[%emt 0:00:00]} Rxg3 {[%emt 0:00:00]} 53. Kh4 {[%emt 0:00:00]} Rg2 {[%emt 0:00:00]} 54. b3+ {[%emt 0:00:00]} Kc3 {[%emt 0:00:00]} 55. Rf3+ {[%emt 0:00:00]} d3 {[%emt 0:00:00]} 56. Kh5 {[%emt 0:00:00]} Kc2 {[%emt 0:00:00]} 57. h4 {[%emt 0:00:00]} d2 {[%emt 0:00:00]} 58. Rf1 {[%emt 0:00:00]} d1=Q+ {[%emt 0:00:00]} 59. Rxd1 {[%emt 0:00:00]} Kxd1 {[%emt 0:00:00]} 60. Kh6 {[%emt 0:00:00]} Kc2 {[%emt 0:00:00]} 61. h5 {[%emt 0:00:00]} Kxb3 {[%emt 0:00:00]} 62. Kh7 {[%emt 0:00:00]} Kc2 {[%emt 0:00:00]} 63. h6 {[%emt 0:00:00]} b3 {[%emt 0:00:00]} 64. Kh8 {[%emt 0:00:00]} Rh2 {[%emt 0:00:00]} 0-1

[Event "106th British-ch Major 2019"]
[Site "Torquay"]
[Date "2019.07.28"]
[Round "2.12"]
[White "Payne, Matthew J"]
[Black "Robertson, Jim"]
[Result "1-0"]
[WhiteElo "2168"]
[BlackElo "1580"]
[Annotator "NA"]
[PlyCount "39"]
[EventDate "2019.07.27"]
[EventType "swiss"]
[EventCountry "GBR"]
[SourceTitle "playchess.com"]
[Source "ChessBase"]
[SourceQuality "1"]
[TimeControl "40/5400+30:1800+30"]

1. e4 {[%emt 0:00:00]} c6 {[%emt 0:00:00]} 2. d4 {[%emt 0:00:00]} d5 {[%emt 0:00:00]} 3. e5 {[%emt 0:00:00]} c5 {[%emt 0:00:09]} 4. dxc5 {[%emt 0:00:01]} e6 {[%emt 0:00:24]} 5. a3 {[%emt 0:00:22]} a5 {[%emt 0:03:05]} 6. Be3 {[%emt 0:00:37]} Qc7 {[%emt 0:01:40]} 7. Nc3 {[%emt 0:05:24]} Bd7 {[%emt 0:02:31]} 8. b4 {[%emt 0:08:34]} Qxe5 {[%emt 0:04:38]} 9. Nge2 {[%emt 0:00:46]} Qc7 {[%emt 0:04:35]} 10. Nd4 {[%emt 0:07:24]} b6 {[%emt 0:04:19]} 11. Ncb5 {[%emt 0:04:04]} Qb7 {[%emt 0:00:23]} 12. cxb6 {[%emt 0:00:10]} Na6 {[%emt 0:05:44]} 13. Nb3 {[%emt 0:04:59]} axb4 {[%emt 0:05:20]} 14. Na5 {[%emt 0:00:13]} Qb8 {[%emt 0:00:08]} 15. b7 {[%emt 0:00:37]} Ra7 {[%emt 0:05:01]} 16. Nxa7 {[%emt 0:01:40]} bxa3 {[%emt 0:00:30]} 17. c3 {[%emt 0:02:30]} Qc7 {[%emt 0:03:10]} 18. Bxa6 {[%emt 0:01:06]} Qxc3+ {[%emt 0:00:07]} 19. Bd2 {[%emt 0:00:19]} Qe5+ {[%emt 0:00:09]} 20. Be2 {[%emt 0:00:10]} 1-0